|
|
|
|
| LEADER |
00000nsc a2200000 a 4500 |
| 001 |
88888 |
| 005 |
20230308220122.0 |
| 008 |
000000|1972 ||||||||r|||||||||||spa|| |
| 040 |
|
|
|b spa
|
| 041 |
1 |
|
|a spa
|
| 082 |
0 |
|
|a 330.122
|
| 100 |
1 |
|
|a Cambre Mariño, J.
|9 304367
|
| 245 |
|
|
|a Nuevo poder del capitalismo
|b Conglomerados y empresas multinacionales
|c J. Cambre Mariño
|h imp
|
| 264 |
|
|
|a Madrid
|b Gráficas Color
|c 1972
|
| 300 |
|
|
|a 144 páginas:
|c 16 cm
|
| 490 |
|
|
|a Lee y discute
|n no. 34
|p Serie R.
|
| 504 |
|
|
|a incl. ref.
|
| 650 |
|
|
|a Capitalismo
|
| 650 |
|
|
|a Empresas multinacionales
|9 23267
|
| 852 |
|
|
|a UC-CDJBV
|c ESTANTERIA CERRADA
|f Compra
|k margarita.gutierrez
|l 1
|m General
|p 00000000
|r 2
|t 88888
|b 0
|d CDRC
|e CDRC
|g 330.122 ESTANTERIA CERRADA
|z 0000-00-00
|
| 942 |
|
|
|
| 999 |
|
|
|c 132951
|d 132951
|